banner-ar

نهاية الاقدام فى علم الكلام / (Record no. 36398)

MARC details
000 -الفاتح
حقل البيانات ثابتة الطول 00622nam a2200169Ia 4500
008 - عناصر البيانات ثابتة الطول - معلومات عامة
حقل البيانات ثابتة الطول 140319s9999 xx 000 0 ara d
040 ## - مصدر الفهرسة
وكالة الفهرسة الأصلية GCL /
وكالة النسخ GCL
082 04 - رقم تصنيف ديوى العشرى
رقم التصنيف 245
رقم المادة ع ك
100 1# - المدخل الرئيسى - إسم شخصى
الإسم الشخصى الشهرستانى: ابوالفتح محمد بن عبدالكريم بن احمد
245 10 - بيان العنوان
العنوان نهاية الاقدام فى علم الكلام /
بيان المسئوليه,etc الشهرستانى: ابوالفتح محمد بن عبدالكريم بن احمد
300 ## - الوصف المادى
التعداد 514
490 ## - بيان السلسلة
عنوان السلسلة بحوث اجتماعية
رقم المجلد/ التعيين التسلسلي 0
650 04 - المدخل الاضافى بالموضوع-مصطلح موضوعى
مصطلح موضوعي علم الكلام
942 ## - عناصر المدخل الإضافي( كوها)
مصدر التصنيف او مخطط الترفيف Dewey Decimal Classification
Koha [default] item type كتاب
260 ## - PUBLICATION, DISTRIBUTION, ETC. (IMPRINT)
-- [S.N] :
-- 2000 للثقافة والنشر
Holdings
حالة التراجع حالة الفقد حالة تلف ليس للاعارة المكان المؤقت الموقع الحالى تاريخ الاكتساب اجمالي اﻻعارات رقم الطلب الباركود تاريخ اخر مشاهدة تاريخ تفعيل السعر نوع وعاء كوها
        مكتبة القاهرة الكبرى مكتبة القاهرة الكبرى 03/26/2014   245\ع ك 88517 03/26/2014 03/26/2014 كتاب

Powered By

EGPV